000 00191 a2200097 4500
020 _a9781551096629
041 _aeng
100 _aL.M.Montgomery
245 _aAnne of Green Gables
942 _cK
999 _c31364
_d31362